Strategic management : (Record no. 23237)

000 -LEADER
fixed length control field 01207cam a2200301 a 4500
001 - CONTROL NUMBER
control field 12812757
005 - DATE AND TIME OF LATEST TRANSACTION
control field 20170126083247.0
008 - FIXED-LENGTH DATA ELEMENTS--GENERAL INFORMATION
fixed length control field 020611s2003 ohua b 001 0 eng
010 ## - LIBRARY OF CONGRESS CONTROL NUMBER
LC control number 2002108280
Canceled/invalid LC control number 2002075266
020 ## - INTERNATIONAL STANDARD BOOK NUMBER
International Standard Book Number 0324114796 (alk. paper)
050 00 - LIBRARY OF CONGRESS CALL NUMBER
Classification number HD30.28 .H586 2003
082 00 - DEWEY DECIMAL CLASSIFICATION NUMBER
Classification number 658.4/012
Edition number 21
100 1# - MAIN ENTRY--PERSONAL NAME
Personal name Hitt, Michael A.
245 10 - TITLE STATEMENT
Title Strategic management :
Remainder of title competitiveness and globalization /
Statement of responsibility, etc. Michael A. Hitt, R. Duane Ireland, Robert E. Hoskisson.
250 ## - EDITION STATEMENT
Edition statement 5th ed.
260 ## - PUBLICATION, DISTRIBUTION, ETC. (IMPRINT)
Place of publication, distribution, etc. Mason, Ohio :
Name of publisher, distributor, etc. Thomson/South-Western,
Date of publication, distribution, etc. c2003.
300 ## - PHYSICAL DESCRIPTION
Extent 1 v. (various pagings) :
Other physical details col. ill. ;
Dimensions 27 cm.
500 ## - GENERAL NOTE
General note "Concepts and cases"--Cover.
504 ## - BIBLIOGRAPHY, ETC. NOTE
Bibliography, etc Includes bibliographical references and index.
650 #0 - SUBJECT ADDED ENTRY--TOPICAL TERM
Topical term or geographic name as entry element Strategic planning.
650 #0 - SUBJECT ADDED ENTRY--TOPICAL TERM
Topical term or geographic name as entry element Industrial management.
700 1# - ADDED ENTRY--PERSONAL NAME
Personal name Ireland, R. Duane.
700 1# - ADDED ENTRY--PERSONAL NAME
Personal name Hoskisson, Robert E.
942 ## - ADDED ENTRY ELEMENTS (KOHA)
Source of classification or shelving scheme
Koha item type Hard Covered Materials
Classification part HD30.28 .H586 2003
Holdings
Withdrawn status Lost status Source of classification or shelving scheme Damaged status Not for loan Home library Current library Shelving location Date acquired Source of acquisition Total Checkouts Full call number Barcode Date last seen Price effective from Koha item type
          MACHAKOS UNIVERSITY LIBRARY MACHAKOS UNIVERSITY LIBRARY Technical section 26/01/2017 Donation(BFA)   HD30.28 .H586 2003 32313 24/07/2018 26/01/2017 Hard Covered Materials
© Machakos University Library, Along The Highway, Machakos Wote Rd, Machakos, Kenya P.O. Box 136 - 90100 Machakos - Kenya

Tel: ( +254 ) 723 805829 OR Fax : 044-20353 OR Email: library@mksu.ac.ke